|
|
|
|
| LEADER |
00000nam0a2200000 4500 |
| 001 |
370374 |
| 005 |
20231102012256.0 |
| 010 |
|
|
|a 5280005762
|
| 035 |
|
|
|a (RuTPU)RU\TPU\retro\27782
|
| 090 |
|
|
|a 370374
|
| 100 |
|
|
|a 20220627d1989 m y0rusy50 ca
|
| 101 |
0 |
|
|a rus
|
| 102 |
|
|
|a RU
|
| 105 |
|
|
|a y z 000ay
|
| 200 |
1 |
|
|a Воскрешение лиственницы
|e рассказы
|f В. Т. Шаламов
|
| 210 |
|
|
|a Москва
|c Художественная литература
|d 1989
|
| 215 |
|
|
|a 495 с.
|
| 606 |
1 |
|
|a Русская литература современная
|2 stltpush
|3 (RuTPU)RU\TPU\subj\26373
|9 50316
|
| 610 |
1 |
|
|a художественная литература
|
| 610 |
1 |
|
|a советская литература
|
| 610 |
1 |
|
|a рассказы
|
| 675 |
|
|
|a Р2
|v 4
|
| 700 |
|
1 |
|a Шаламов
|b В. Т.
|c русский писатель
|f 1907-1982
|g Варлам Тихонович
|2 stltpush
|3 (RuTPU)RU\TPU\pers\11128
|4 070
|9 2474
|
| 801 |
|
1 |
|a RU
|b 63413507
|c 20220627
|
| 801 |
|
2 |
|a RU
|b 63413507
|c 20230623
|g RCR
|
| 942 |
|
|
|c BK
|